Sonate en sol pour piano et violon / rapsodie de concert pour violon et piano / Maurice Ravel.

Bibliographic Details
Main Author: Lekeu, Guillaume, 1870-1894
Other Authors: Dumay, Augustin (Performer), Collard, Jean Philippe (Performer), Debussy, Claude, 1862-1918, Ravel, Maurice, 1875-1937
Format: CD Audio
Language:No linguistic content
Published: France : EMI, ℗1981.
Subjects:

MARC

Tag First Indicator Second Indicator Subfields
LEADER 00000cjm a22000001a 4500
001 in00004591213
008 921106p19811980fr snnn n zxx
007 sd bsmennmplu|
005 20220812192010.4
010 |a  83751158  
035 |a (OCoLC)ocm10180237 
035 |a (OCoLC)ocm10180237 
040 |a DLC  |b eng  |c DLC  |d CIN  |d OCLCQ  |d OCLCG  |d BOS  |d OCLCO  |d OCLCF  |d OCLCA  |d OCLCQ  |d OCLCA  |d Q2U  |d OCLCO 
019 |a 1161207235 
028 0 2 |a 2C 069-73.037  |b EMI 
033 2 |a 198006--  |a 198007--  |b 5834  |c P3 
033 1 |a 198102--  |a 198104--  |b 5834  |c P3 
035 |a (OCoLC)10180237  |z (OCoLC)1161207235 
041 0 |g fre  |g eng 
090 |a LP-1322 
100 1 |a Lekeu, Guillaume,  |d 1870-1894. 
240 1 0 |a Sonatas,  |m violin, piano,  |r G major 
245 0 0 |a Sonate en sol pour piano et violon /  |c Guillaume Lekeu. Sonate en sol mineur pour violon et piano / Claude Debussy. Tzigane :  |b rapsodie de concert pour violon et piano / Maurice Ravel. 
260 |a France :  |b EMI,  |c ℗1981. 
300 |a 1 audio disc :  |b analog, 33 1/3 rpm, stereo ;  |c 12 in. 
306 |a 003200  |a 001400  |a 001040 
336 |a performed music  |b prm  |2 rdacontent 
337 |a audio  |b s  |2 rdamedia 
338 |a audio disc  |b sd  |2 rdacarrier 
344 |a analog  |c 33 1/3 rpm  |g stereo  |2 rda 
511 0 |a Augustin Dumay, violin ; Jean-Philippe Collard, piano. 
518 |a Recorded June-July 1980 and Feb. and Apr. 1981, Paris. 
500 |a Durations: 32:00 ; 14:00 ; 10:40. 
500 |a Program notes in English and French by Jean Roy on container. 
500 |a Gift from Gilbert and Thyra Plass Record Collection. 
650 0 |a Sonatas (Violin and piano) 
650 0 |a Violin and piano music. 
650 7 |a Sonatas (Violin and piano)  |2 fast  |0 (OCoLC)fst01126023 
650 7 |a Violin and piano music.  |2 fast  |0 (OCoLC)fst01167402 
700 1 |a Dumay, Augustin.  |4 prf 
700 1 |a Collard, Jean Philippe.  |4 prf 
700 1 2 |a Debussy, Claude,  |d 1862-1918.  |t Sonatas,  |m violin, piano. 
700 1 2 |a Ravel, Maurice,  |d 1875-1937.  |t Tzigane. 
740 0 |a Tzigane. 
029 1 |a AU@  |b 000023088419 
994 |a Z0  |b TXA 
948 |h NO HOLDINGS IN TXA - 11 OTHER HOLDINGS 
999 f f |s 96bd0e3c-3a97-4845-91e4-8af9017abea2  |i 96bd0e3c-3a97-4845-91e4-8af9017abea2  |t 0 
952 f f |p ric  |a Texas A&M University  |b Rellis Campus  |c Joint Library Facility  |d Remote Storage  |t 0  |e LP-1322  |h Other scheme  |i audio -- audio disc  |m A14851293028 
998 f f |a LP-1322  |t 0  |l Remote Storage